九鯉夢回 : 劉宗炘文集
| 資料類型: | 圖書 | 書目號: | 47008 |
Leader xxxxxxxxxx 001 __ PCLIS00047008 005 __ 20100812113324.0008 010 0_ |a978-957-41-6888-0|b平裝|d 042 __ |anbic 100 __ |a20100812d2009 m y0chiy50 e 101 0_ |achi 102 __ |atw 105 __ |aaf z 000cy 200 1_ |a九鯉夢回|e劉宗炘文集|f劉宗炘作 205 __ |a 210 __ |a臺北市|c劉逸凡|d2009[民98] 215 0_ |a圖版8面,236面|c圖|d21公分 225 __ |a|v 300 __ |a 681 __ |a855|b7239|y98 700 _1 |a劉|b宗炘|4作 702 __ |a|b|4 801 _0 |atw|bNTL|c20100812|gCCR |